[Event "28. Torneo San Viator 2017"]
[Site "Madrid ESP"]
[Date "2017.03.26"]
[Round "1.1"]
[White "Sotoca Aguado, Jose"]
[Black "Elissalt Cardenas, Hector"]
[Result "0-1"]
[WhiteElo "1860"]
[BlackElo "2382"]
[PlyCount "64"]
[EventDate "2017.03.26"]
[EventType "swiss"]
[EventRounds "9"]
[EventCountry "ESP"]
[SourceTitle "Ajedrez en Madrid"]
[Source "lmi"]
[SourceDate "2017.03.26"]
[SourceVersion "1"]
[SourceVersionDate "2017.04.10"]
[SourceQuality "1"]

1. e4 Nf6 2. e5 Nd5 3. d4 d6 4. c4 Nb6 5. f4 dxe5 6. fxe5 Nc6 7. Be3 Bf5 8. Nc3
e6 9. Nf3 Bb4 10. a3 Bxc3+ 11. bxc3 O-O 12. Be2 Na5 13. Nd2 c5 14. O-O Qc7 15.
Rc1 Rfd8 16. Qe1 Na4 17. Qg3 Bg6 18. Bg5 cxd4 19. cxd4 Rxd4 20. h4 h5 21. Be3
Rd7 22. Qg5 Qd8 23. Qf4 Nc6 24. Ne4 Nd4 25. Bd1 Nb2 26. Nc5 Nxd1 27. Bxd4 Rxd4
28. Qf3 Nb2 29. Nxb7 Qxh4 30. Nd6 Rd8 31. c5 Nd3 32. Rc3 Nxe5 0-1

[Event "28. Torneo San Viator 2017"]
[Site "Madrid ESP"]
[Date "2017.03.26"]
[Round "1.2"]
[White "Quispe Arteaga, Gabriel"]
[Black "Lopez Mijail, Nicolas"]
[Result "1-0"]
[WhiteElo "2309"]
[BlackElo "1836"]
[PlyCount "111"]
[EventDate "2017.03.26"]
[EventType "swiss"]
[EventRounds "9"]
[EventCountry "ESP"]
[SourceTitle "Ajedrez en Madrid"]
[Source "lmi"]
[SourceDate "2017.03.26"]
[SourceVersion "1"]
[SourceVersionDate "2017.04.10"]
[SourceQuality "1"]

1. d4 Nf6 2. c4 e6 3. Nc3 Bb4 4. Nf3 c5 5. e3 O-O 6. Bd3 d5 7. O-O Nc6 8. a3
Bxc3 9. bxc3 dxc4 10. Bxc4 b6 11. a4 Bb7 12. Ba3 Qc7 13. Qe2 Rac8 14. Bd3 Rfd8
15. Rfd1 Na5 16. Ne5 c4 17. Bc2 Nd5 18. Bb2 f6 19. Nf3 Re8 20. g3 Rcd8 21. e4
Ne7 22. Ba3 Ba8 23. Nd2 e5 24. d5 Nc8 25. Bb1 Nd6 26. Ba2 Bb7 27. Rac1 Ba6 28.
f3 Nab7 29. Nf1 Nc5 30. Ne3 Ncb7 31. Kg2 Qd7 32. Bb4 Rc8 33. Ra1 Nc5 34. a5 Bb5
35. axb6 axb6 36. Bxc5 Rxc5 37. Bb1 Ba4 38. Bc2 Ra8 39. Rdb1 b5 40. Rb4 Rc7 41.
Bxa4 bxa4 42. Qa2 a3 43. Nxc4 Nxc4 44. Rxc4 Rac8 45. Rxc7 Qxc7 46. d6+ Qf7 47.
Qxf7+ Kxf7 48. Rxa3 g5 49. Ra7+ Ke6 50. d7 Rd8 51. Kf2 h5 52. Ke3 Rxd7 53. Rxd7
Kxd7 54. Kd3 Kd6 55. Kc4 Kc6 56. g4 1-0

[Event "28. Torneo San Viator 2017"]
[Site "Madrid ESP"]
[Date "2017.03.26"]
[Round "1.3"]
[White "Brana Pastor, Carlos"]
[Black "Renteria, Jorge"]
[Result "0-1"]
[WhiteElo "1835"]
[BlackElo "2275"]
[PlyCount "84"]
[EventDate "2017.03.26"]
[EventType "swiss"]
[EventRounds "9"]
[EventCountry "ESP"]
[SourceTitle "Ajedrez en Madrid"]
[Source "lmi"]
[SourceDate "2017.03.26"]
[SourceVersion "1"]
[SourceVersionDate "2017.04.10"]
[SourceQuality "1"]

1. c4 g6 2. g3 Bg7 3. Bg2 c5 4. Nc3 Nc6 5. Nf3 d6 6. d3 Nf6 7. O-O O-O 8. a3
Rb8 9. Rb1 a5 10. Bg5 h6 11. Bd2 Bd7 12. Qc1 Kh7 13. Qc2 e5 14. Nb5 Qe7 15. e4
Ne8 16. Bc3 f5 17. exf5 gxf5 18. Rbe1 Qd8 19. Nh4 Bf6 20. Nf3 Nd4 21. Nfxd4
cxd4 22. Bd2 Qb6 23. a4 Nc7 24. Qd1 Bg7 25. f4 Na6 26. fxe5 dxe5 27. b3 Nc5 28.
Bc1 Be8 29. Ba3 Bg6 30. Bxc5 Qxc5 31. Qd2 b6 32. Kh1 Rbe8 33. Bd5 h5 34. Qg2
Bh6 35. Qh3 Be3 36. Rf3 e4 37. dxe4 fxe4 38. Rxf8 Qxf8 39. Rf1 Bf2 40. Qg2 e3
41. Nxd4 e2 42. Nxe2 Rxe2 0-1

[Event "28. Torneo San Viator 2017"]
[Site "Madrid ESP"]
[Date "2017.03.26"]
[Round "1.4"]
[White "Rottenwohrer Suarez, Juan"]
[Black "Vaquerizo Calvo, Miguel Arturo"]
[Result "1/2-1/2"]
[WhiteElo "2129"]
[BlackElo "1830"]
[PlyCount "89"]
[EventDate "2017.03.26"]
[EventType "swiss"]
[EventRounds "9"]
[EventCountry "ESP"]
[SourceTitle "Ajedrez en Madrid"]
[Source "lmi"]
[SourceDate "2017.03.26"]
[SourceVersion "1"]
[SourceVersionDate "2017.04.10"]
[SourceQuality "1"]

1. c4 Nf6 2. Nc3 g6 3. g3 Bg7 4. Bg2 O-O 5. Nf3 d6 6. d4 Nc6 7. O-O Bg4 8. d5
Na5 9. Qd3 c5 10. Nd2 a6 11. e4 b5 12. cxb5 axb5 13. Nxb5 Bd7 14. Nc3 Ng4 15.
Nc4 Nxc4 16. Qxc4 Qb6 17. Qe2 Qa6 18. Qc2 Ne5 19. h3 Qd3 20. Qxd3 Nxd3 21. Rd1
Nxc1 22. Rdxc1 Rfb8 23. b3 f5 24. f3 fxe4 25. fxe4 Bd4+ 26. Kh2 Ra3 27. Rab1
Bxc3 28. Rxc3 Rxa2 29. g4 Rb4 30. Re3 Rd4 31. Kg3 Bb5 32. Rbe1 Rd3 33. Rxd3
Bxd3 34. Re3 Bb5 35. e5 Re2 36. Kf3 Rxe3+ 37. Kxe3 g5 38. exd6 exd6 39. Bf3 Kf7
40. Be4 h6 41. Bd3 Bxd3 42. Kxd3 Ke7 43. Ke3 Kd7 44. Ke4 Ke7 45. Ke3 1/2-1/2

[Event "28. Torneo San Viator 2017"]
[Site "Madrid ESP"]
[Date "2017.03.26"]
[Round "1.5"]
[White "Estevez Sacristan, Deva"]
[Black "Iturbide Arnedo, Oscar"]
[Result "0-1"]
[WhiteElo "1813"]
[BlackElo "2097"]
[PlyCount "92"]
[EventDate "2017.03.26"]
[EventType "swiss"]
[EventRounds "9"]
[EventCountry "ESP"]
[SourceTitle "Ajedrez en Madrid"]
[Source "lmi"]
[SourceDate "2017.03.26"]
[SourceVersion "1"]
[SourceVersionDate "2017.04.10"]
[SourceQuality "1"]

1. e4 c5 2. Nf3 Nc6 3. d4 cxd4 4. Nxd4 Nf6 5. Nc3 e5 6. Ndb5 d6 7. Bg5 a6 8.
Na3 b5 9. Nd5 Be7 10. Bxf6 Bxf6 11. Nxf6+ Qxf6 12. c4 b4 13. Nc2 O-O 14. Ne3
Nd4 15. Bd3 a5 16. O-O Qd8 17. Nd5 Be6 18. f4 Bxd5 19. exd5 f5 20. fxe5 dxe5
21. Bc2 Qb6 22. Kh1 Qc5 23. Rc1 g6 24. Ba4 Ra7 25. Qe1 Re7 26. Qf2 e4 27. Qe3
Ne6 28. Qxc5 Nxc5 29. Bc6 Rd8 30. Rcd1 Rd6 31. Kg1 Kg7 32. g3 Kf6 33. Kg2 Ke5
34. Rfe1 g5 35. Kf2 Rh6 36. h4 gxh4 37. gxh4 Kd6 38. Kg3 Rg7+ 39. Kf4 Nd3+ 40.
Ke3 Nxe1 41. Rxe1 Rg3+ 42. Kf2 Rf3+ 43. Ke2 Rxh4 44. Rf1 Rh2+ 45. Ke1 Rxf1+ 46.
Kxf1 Rxb2 0-1

[Event "28. Torneo San Viator 2017"]
[Site "Madrid ESP"]
[Date "2017.03.26"]
[Round "1.7"]
[White "Cano Mercado, Francisco Manuel"]
[Black "Cervino Rossel, Cristobal"]
[Result "0-1"]
[WhiteElo "1799"]
[BlackElo "2045"]
[PlyCount "134"]
[EventDate "2017.03.26"]
[EventType "swiss"]
[EventRounds "9"]
[EventCountry "ESP"]
[SourceTitle "Ajedrez en Madrid"]
[Source "lmi"]
[SourceDate "2017.03.26"]
[SourceVersion "1"]
[SourceVersionDate "2017.04.10"]
[SourceQuality "1"]

1. d4 Nf6 2. Nf3 d5 3. Bf4 c5 4. e3 Qb6 5. Qc1 Nc6 6. c3 Bf5 7. Nbd2 e6 8. h3
h6 9. Be2 Be7 10. Ne5 Nxe5 11. Bxe5 Bh7 12. O-O O-O 13. dxc5 Qxc5 14. Nb3 Qb6
15. Qd1 Nd7 16. Bh2 Bf6 17. Bd3 Bxd3 18. Qxd3 Ne5 19. Bxe5 Bxe5 20. e4 Rfd8 21.
Rad1 Bf6 22. Qe2 dxe4 23. Qxe4 Qa6 24. a3 Qb6 25. Qb4 Qc7 26. Qc5 Qf4 27. Qb4
Qc7 28. Qc5 Qb8 29. Rxd8+ Qxd8 30. Qb5 a6 31. Qa5 b6 32. Qa4 Qd5 33. Qb4 Rb8
34. Nd4 a5 35. Qa4 Bxd4 36. cxd4 Rd8 37. Rc1 Qxd4 38. Qb5 Qf4 39. Rf1 Rd6 40.
g3 Qf3 41. Qe5 Qd5 42. Qc3 Rc6 43. Qe3 a4 44. Qf4 b5 45. Qb8+ Kh7 46. Qb7 Kg6
47. h4 Rc2 48. h5+ Qxh5 49. Qe4+ Qf5 50. Qd4 Rc4 51. Qe3 h5 52. Rc1 Rxc1+ 53.
Qxc1 Qd3 54. Kg2 Qd5+ 55. Kg1 Qg5 56. Qc2+ Kh6 57. Qc3 h4 58. Kg2 hxg3 59. fxg3
Qd5+ 60. Kf2 f5 61. Qb4 Qc4 62. Qd2+ Kg6 63. Kg1 Qb3 64. Kf2 Qd5 65. Qc3 e5 66.
Qc2 Qd4+ 67. Kf1 Qc4+ 0-1

[Event "28. Torneo San Viator 2017"]
[Site "Madrid ESP"]
[Date "2017.03.26"]
[Round "1.8"]
[White "Lopez Garralon, Miguel"]
[Black "Munoz Cebey, Ricardo"]
[Result "0-1"]
[WhiteElo "2012"]
[BlackElo "1797"]
[PlyCount "86"]
[EventDate "2017.03.26"]
[EventType "swiss"]
[EventRounds "9"]
[EventCountry "ESP"]
[SourceTitle "Ajedrez en Madrid"]
[Source "lmi"]
[SourceDate "2017.03.26"]
[SourceVersion "1"]
[SourceVersionDate "2017.04.10"]
[SourceQuality "1"]

1. e4 c6 2. d4 d5 3. Nd2 dxe4 4. Nxe4 Nd7 5. Nf3 Ngf6 6. Ng3 e6 7. Bd3 Be7 8.
O-O O-O 9. c4 c5 10. d5 exd5 11. cxd5 Nb6 12. Qc2 Nbxd5 13. a3 Qc7 14. b3 Bg4
15. Ng5 h6 16. N5e4 Nxe4 17. Bxe4 Bf6 18. Bb2 Bxb2 19. Qxb2 Nf6 20. Bd3 Rad8
21. Bc4 Rd6 22. Rac1 Rfd8 23. Qe5 Re8 24. Qc3 Red8 25. h3 Bc8 26. Qe5 Re8 27.
Qf4 Qd8 28. Bb5 Rd4 29. Qf3 Re5 30. Bc4 b6 31. Qa8 Re7 32. Qf3 Bb7 33. Qc3 Ne4
34. Nxe4 Rexe4 35. Qg3 Bd5 36. Bxd5 Rxd5 37. Qf3 Red4 38. Rce1 Rd3 39. Re3 Rxe3
40. fxe3 Qd7 41. Qf4 Rd3 42. Qf3 Rxb3 43. Rd1 Qe8 0-1

[Event "28. Torneo San Viator 2017"]
[Site "Madrid ESP"]
[Date "2017.03.26"]
[Round "1.9"]
[White "Yeves Miquel, Enrique"]
[Black "Julian Serra, Rogelio"]
[Result "0-1"]
[WhiteElo "1788"]
[BlackElo "2002"]
[PlyCount "92"]
[EventDate "2017.03.26"]
[EventType "swiss"]
[EventRounds "9"]
[EventCountry "ESP"]
[SourceTitle "Ajedrez en Madrid"]
[Source "lmi"]
[SourceDate "2017.03.26"]
[SourceVersion "1"]
[SourceVersionDate "2017.04.10"]
[SourceQuality "1"]

1. d4 Nf6 2. c4 c5 3. d5 e6 4. Nc3 exd5 5. cxd5 d6 6. e4 g6 7. Nf3 Bg4 8. Be2
Bxf3 9. Bxf3 Nbd7 10. O-O Bg7 11. Qb3 Ne5 12. Qb5+ Nfd7 13. Be2 g5 14. Qxb7 O-O
15. Qb3 Ng6 16. g3 Kh8 17. Qc2 Rb8 18. Be3 h6 19. Qd2 Nf6 20. Rab1 Re8 21. f3
Qe7 22. Rfe1 Nd7 23. f4 gxf4 24. gxf4 Nf6 25. Bf2 Nxe4 26. Nxe4 Qxe4 27. Bb5
Qxf4 28. Qxf4 Rxe1+ 29. Rxe1 Nxf4 30. Re8+ Rxe8 31. Bxe8 Kg8 32. Bg3 Ne2+ 33.
Kf2 Nxg3 34. hxg3 Bxb2 35. g4 Kf8 36. Bb5 Ke7 37. Kf3 Kf6 38. Ke4 Kg5 39. Be2
a5 40. a4 Be5 41. Kf3 f5 42. gxf5 Kxf5 43. Bd3+ Kg5 44. Ke4 h5 45. Be2 h4 46.
Bf1 Kg4 0-1

[Event "28. Torneo San Viator 2017"]
[Site "Madrid ESP"]
[Date "2017.03.26"]
[Round "1.10"]
[White "Unciti Juan, Javier"]
[Black "Sanchez Hernandez, Guillermo"]
[Result "1-0"]
[WhiteElo "1998"]
[BlackElo "1768"]
[PlyCount "27"]
[EventDate "2017.03.26"]
[EventType "swiss"]
[EventRounds "9"]
[EventCountry "ESP"]
[SourceTitle "Ajedrez en Madrid"]
[Source "lmi"]
[SourceDate "2017.03.26"]
[SourceVersion "1"]
[SourceVersionDate "2017.04.10"]
[SourceQuality "1"]

1. e4 c5 2. b4 b6 3. bxc5 bxc5 4. Bc4 e6 5. Nc3 d6 6. f4 Bd7 7. Nf3 Nc6 8. O-O
Be7 9. Rb1 Na5 10. Bb5 Nf6 11. e5 dxe5 12. fxe5 Nd5 13. Nxd5 exd5 14. e6 1-0

[Event "28. Torneo San Viator 2017"]
[Site "Madrid ESP"]
[Date "2017.03.26"]
[Round "1.11"]
[White "Enfedaque Jimenez, Juan Carlos"]
[Black "Luque Ibanes, Manuel"]
[Result "0-1"]
[WhiteElo "1764"]
[BlackElo "1994"]
[PlyCount "132"]
[EventDate "2017.03.26"]
[EventType "swiss"]
[EventRounds "9"]
[EventCountry "ESP"]
[SourceTitle "Ajedrez en Madrid"]
[Source "lmi"]
[SourceDate "2017.03.26"]
[SourceVersion "1"]
[SourceVersionDate "2017.04.10"]
[SourceQuality "1"]

1. e4 c5 2. Nf3 Nc6 3. d4 cxd4 4. Nxd4 Nf6 5. Nc3 e5 6. Ndb5 d6 7. Bg5 a6 8.
Na3 b5 9. Nd5 Be7 10. Bxf6 Bxf6 11. c3 Bg5 12. Nc2 O-O 13. g3 Bb7 14. Bg2 Ne7
15. h4 Bh6 16. Nxe7+ Qxe7 17. O-O a5 18. a4 bxa4 19. Rxa4 Bc6 20. Ra3 Qb7 21.
Qxd6 Bxe4 22. Bxe4 Qxe4 23. Ne1 Rfd8 24. Qc7 Re8 25. Qd7 Red8 26. Qe7 Rdb8 27.
Ng2 g6 28. Re1 Qf3 29. Qxe5 Rxb2 30. Qd4 Rd2 31. Qb6 Bf8 32. Ra4 Qxc3 33. Qb7
Rad8 34. Rf4 R2d7 35. Qb1 Bc5 36. Qa2 Qxg3 37. Qc4 Qa3 38. h5 Qb4 39. hxg6 hxg6
40. Qe2 Qd2 41. Qg4 Rd4 42. Rxd4 Qxd4 43. Qf3 a4 44. Ne3 Qe5 45. Re2 a3 46. Ng4
Qd4 47. Re5 f5 48. Rxc5 Qxg4+ 49. Qxg4 fxg4 50. Ra5 Rd3 51. Ra4 Kg7 52. Kg2 Kf6
53. Rxg4 a2 54. Ra4 Rd2 55. Ra5 g5 56. Kf3 Kg6 57. Kg3 Kf6 58. Kf3 Ke6 59. Ke3
Rb2 60. f3 Kd6 61. Kd4 Kc6 62. Kc3 Rf2 63. Kb3 Kb6 64. Ra4 Kb5 65. Ra8 Kc5 66.
Ra5+ Kd4 0-1

[Event "28. Torneo San Viator 2017"]
[Site "Madrid ESP"]
[Date "2017.03.26"]
[Round "1.12"]
[White "Martin Sanchez, Francisco"]
[Black "Cujba, Anca-Claudia"]
[Result "1-0"]
[WhiteElo "1994"]
[BlackElo "1760"]
[PlyCount "51"]
[EventDate "2017.03.26"]
[EventType "swiss"]
[EventRounds "9"]
[EventCountry "ESP"]
[SourceTitle "Ajedrez en Madrid"]
[Source "lmi"]
[SourceDate "2017.03.26"]
[SourceVersion "1"]
[SourceVersionDate "2017.04.10"]
[SourceQuality "1"]

1. d4 g6 2. Bf4 Bg7 3. e3 c5 4. c3 cxd4 5. cxd4 d5 6. Nc3 a6 7. Nf3 Nc6 8. Bd3
Nh6 9. Qb3 O-O 10. Qxd5 Qb6 11. Qb3 Qa5 12. O-O Rd8 13. Rfd1 Nf5 14. d5 Nb4 15.
Be4 Nd6 16. Bxd6 Rxd6 17. a3 Bxc3 18. bxc3 Nxd5 19. Rxd5 Rxd5 20. Bxd5 e6 21.
Be4 Rb8 22. Rd1 Kg7 23. Qb4 Qh5 24. Rd8 e5 25. Qf8+ Kf6 26. Rxc8 1-0

[Event "28. Torneo San Viator 2017"]
[Site "Madrid ESP"]
[Date "2017.03.26"]
[Round "1.13"]
[White "Martin Lozano, Miguel Angel"]
[Black "Mazo Fernandez, Roberto"]
[Result "1-0"]
[WhiteElo "1759"]
[BlackElo "1982"]
[PlyCount "90"]
[EventDate "2017.03.26"]
[EventType "swiss"]
[EventRounds "9"]
[EventCountry "ESP"]
[SourceTitle "Ajedrez en Madrid"]
[Source "lmi"]
[SourceDate "2017.03.26"]
[SourceVersion "1"]
[SourceVersionDate "2017.04.10"]
[SourceQuality "1"]

1. d4 Nf6 2. Bf4 e6 3. e3 c5 4. c3 Qb6 5. Qb3 Qxb3 6. axb3 cxd4 7. exd4 Nc6 8.
h3 Be7 9. Nf3 O-O 10. Bd3 b6 11. Nbd2 Bb7 12. O-O Nh5 13. Bh2 f5 14. Ba6 Bxa6
15. Rxa6 d6 16. Nc4 Rfd8 17. Rfa1 Rac8 18. Na3 f4 19. b4 Rd7 20. Nb5 Bf6 21.
Nxa7 Nxa7 22. Rxa7 Rcc7 23. Rxc7 Rxc7 24. Ra6 Rb7 25. g4 fxg3 26. fxg3 e5 27.
dxe5 dxe5 28. g4 Nf4 29. Bxf4 exf4 30. g5 Be7 31. h4 Kf7 32. Kg2 h6 33. Kh3
hxg5 34. hxg5 Ke6 35. Kg4 Bd6 36. b3 Kd5 37. c4+ Kc6 38. Nd4+ Kd7 39. b5 Bc5
40. Ne2 Ke6 41. Nxf4+ Kd6 42. Nd3 Bd4 43. Ra8 Bg1 44. Rc8 Re7 45. Rc6+ Kd7 1-0

[Event "28. Torneo San Viator 2017"]
[Site "Madrid ESP"]
[Date "2017.03.26"]
[Round "1.14"]
[White "Rosa Ramirez, Victor D"]
[Black "Sanchez Gomez, Emiliano"]
[Result "1-0"]
[WhiteElo "1945"]
[BlackElo "1752"]
[PlyCount "57"]
[EventDate "2017.03.26"]
[EventType "swiss"]
[EventRounds "9"]
[EventCountry "ESP"]
[SourceTitle "Ajedrez en Madrid"]
[Source "lmi"]
[SourceDate "2017.03.26"]
[SourceVersion "1"]
[SourceVersionDate "2017.04.10"]
[SourceQuality "1"]

1. e4 c5 2. c3 d5 3. exd5 Qxd5 4. d4 Nf6 5. Nf3 Bg4 6. Be2 e6 7. O-O Nc6 8. h3
Bh5 9. Be3 cxd4 10. Nxd4 Bxe2 11. Qxe2 Nxd4 12. Bxd4 Be7 13. Rd1 Qc6 14. Nd2
O-O 15. Nf3 Qe4 16. Qb5 a6 17. Qg5 Qg6 18. Qe5 Ne8 19. Bb6 Rc8 20. Rd7 Bf6 21.
Qa5 Qe4 22. Rad1 Qc6 23. R1d3 e5 24. R3d5 e4 25. Nd2 e3 26. Bxe3 Nc7 27. R5d6
Qb5 28. Qxb5 Nxb5 29. Rb6 1-0

[Event "28. Torneo San Viator 2017"]
[Site "Madrid ESP"]
[Date "2017.03.26"]
[Round "1.15"]
[White "Lizon Martinez, Santiago"]
[Black "Pascual Delgado, Guillermo"]
[Result "0-1"]
[WhiteElo "1750"]
[BlackElo "1915"]
[PlyCount "54"]
[EventDate "2017.03.26"]
[EventType "swiss"]
[EventRounds "9"]
[EventCountry "ESP"]
[SourceTitle "Ajedrez en Madrid"]
[Source "lmi"]
[SourceDate "2017.03.26"]
[SourceVersion "1"]
[SourceVersionDate "2017.04.10"]
[SourceQuality "1"]

1. e4 c5 2. Nf3 e6 3. d4 cxd4 4. Nxd4 Nf6 5. Bd3 Nc6 6. Be3 d5 7. exd5 Nxd5 8.
Nxc6 bxc6 9. Bd2 Bd6 10. Qf3 Rb8 11. O-O Qc7 12. h4 Rxb2 13. Nc3 O-O 14. Ne4
Bh2+ 15. Kh1 Be5 16. Ng5 h6 17. Nh3 c5 18. g4 Nf6 19. Qg2 c4 20. g5 hxg5 21.
hxg5 cxd3 22. gxf6 Bxf6 23. Bg5 Bb7 24. f3 Rxc2 25. Nf2 Bxg5 26. Qxg5 Bxf3+ 27.
Kg1 Rc5 0-1

[Event "28. Torneo San Viator 2017"]
[Site "Madrid ESP"]
[Date "2017.03.26"]
[Round "1.16"]
[White "Padin Lazaro, Jose Manuel"]
[Black "Martin Diaz, Juan"]
[Result "1-0"]
[WhiteElo "1914"]
[BlackElo "1724"]
[PlyCount "85"]
[EventDate "2017.03.26"]
[EventType "swiss"]
[EventRounds "9"]
[EventCountry "ESP"]
[SourceTitle "Ajedrez en Madrid"]
[Source "lmi"]
[SourceDate "2017.03.26"]
[SourceVersion "1"]
[SourceVersionDate "2017.04.10"]
[SourceQuality "1"]

1. e4 c5 2. Nf3 d6 3. Bb5+ Bd7 4. Bxd7+ Nxd7 5. O-O Ngf6 6. Qe2 e5 7. c3 Be7 8.
d4 cxd4 9. cxd4 O-O 10. Nc3 exd4 11. Nxd4 Re8 12. Rd1 a6 13. Nf5 Qc7 14. Bf4
Ne5 15. Rac1 Qb8 16. Qd2 Bf8 17. f3 Nh5 18. Bg5 h6 19. Bh4 Ng6 20. Bf2 Nf6 21.
Bg3 Ne5 22. Nxd6 Re6 23. Nf5 Nh5 24. Bf2 Rg6 25. Kh1 Nc4 26. Qd4 b5 27. Nd5 Kh8
28. b3 Ne5 29. Nc7 Nc6 30. Qd7 Ne5 31. Qd5 Nf4 32. Qxa8 Qxa8 33. Nxa8 Rxg2 34.
Bg3 Neg6 35. Rc8 Rxa2 36. Bxf4 Kh7 37. Bg3 Rb2 38. Rc3 Bb4 39. Rcd3 Rc2 40. Nb6
a5 41. Nd5 Ba3 42. Nd4 Rc5 43. Bd6 1-0

[Event "28. Torneo San Viator 2017"]
[Site "Madrid ESP"]
[Date "2017.03.26"]
[Round "1.17"]
[White "Martinez Rubio, Felipe"]
[Black "Arroyo Martinez, Fernando"]
[Result "1-0"]
[WhiteElo "1711"]
[BlackElo "1898"]
[PlyCount "68"]
[EventDate "2017.03.26"]
[EventType "swiss"]
[EventRounds "9"]
[EventCountry "ESP"]
[SourceTitle "Ajedrez en Madrid"]
[Source "lmi"]
[SourceDate "2017.03.26"]
[SourceVersion "1"]
[SourceVersionDate "2017.04.10"]
[SourceQuality "1"]

1. d4 Nf6 2. Bg5 e6 3. Nf3 h6 4. Bh4 Be7 5. e3 b6 6. Bd3 Bb7 7. Nbd2 d6 8. O-O
Nbd7 9. h3 O-O 10. c3 c5 11. Re1 d5 12. Bg3 Ne4 13. Bh2 Rc8 14. Ne5 Nxe5 15.
Bxe5 Bd6 16. Bxd6 Qxd6 17. Qe2 f5 18. Nf3 Nf6 19. Ne5 Nd7 20. f4 Nxe5 21. fxe5
Qe7 22. Ba6 c4 23. Bxb7 Qxb7 24. Rf1 b5 25. a3 a5 26. g4 Qe7 27. Kh2 Qg5 28.
Rf4 Rf7 29. Rg1 Qe7 30. gxf5 exf5 31. Rg6 Rd8 32. Qh5 Qf8 33. Qxh6 b4 34. Rh4
Rb7 1-0

[Event "28. Torneo San Viator 2017"]
[Site "Madrid ESP"]
[Date "2017.03.26"]
[Round "1.18"]
[White "Sainz Pino, Fernando"]
[Black "Criado Jimenez, Jose"]
[Result "1-0"]
[WhiteElo "1895"]
[BlackElo "1678"]
[PlyCount "144"]
[EventDate "2017.03.26"]
[EventType "swiss"]
[EventRounds "9"]
[EventCountry "ESP"]
[SourceTitle "Ajedrez en Madrid"]
[Source "lmi"]
[SourceDate "2017.03.26"]
[SourceVersion "1"]
[SourceVersionDate "2017.04.10"]
[SourceQuality "1"]

1. e4 Nf6 2. Nc3 e5 3. Nf3 Nc6 4. Bb5 Bb4 5. O-O O-O 6. Nd5 Nxd5 7. exd5 e4 8.
dxc6 exf3 9. Qxf3 dxc6 10. Bc4 Qh4 11. Bb3 Bd6 12. h3 g5 13. Qf6 Qh5 14. d4 h6
15. Re1 Bxh3 16. gxh3 Qxh3 17. Qg6+ Kh8 18. Qf6+ Kh7 19. Re5 Bxe5 20. dxe5 Qg4+
21. Kf1 Rad8 22. c3 Qh3+ 23. Ke1 Qh1+ 24. Ke2 Qe4+ 25. Be3 Qg4+ 26. Qf3 Qxf3+
27. Kxf3 Rde8 28. Bc2+ Kg7 29. Bd4 f5 30. exf6+ Rxf6+ 31. Bxf6+ Kxf6 32. Rd1
Re7 33. Rd8 Rf7 34. Kg2 Ke5 35. Bg6 Rf6 36. Bh5 a5 37. Rd7 b5 38. Rxc7 Kd6 39.
Ra7 a4 40. Ra6 Kc7 41. Ra7+ Kb6 42. Re7 Kc5 43. Bg4 Rd6 44. Re2 Rf6 45. Re6
Rxe6 46. Bxe6 Kd6 47. Bf5 Ke5 48. Bg6 a3 49. bxa3 Kd5 50. Bf7+ Ke4 51. Be8 Kd5
52. Bf7+ Ke4 53. c4 bxc4 54. Bxc4 Kd4 55. Bb3 c5 56. a4 c4 57. Bc2 Kc3 58. Bd1
Kb4 59. Kf3 h5 60. Ke3 h4 61. Kf3 c3 62. Kg4 Ka5 63. f4 gxf4 64. Kxf4 Kb4 65.
Kg4 Ka5 66. Kxh4 Kb4 67. Kg4 Ka5 68. Kf4 Kb4 69. Ke4 Kc4 70. Bc2 Kc5 71. Kd3
Kb4 72. Bb3 Ka3 1-0

[Event "28. Torneo San Viator 2017"]
[Site "Madrid ESP"]
[Date "2017.03.26"]
[Round "1.19"]
[White "Juzgado Niella, Angel Luis"]
[Black "Garcia Sanjuan, Jose"]
[Result "0-1"]
[WhiteElo "1625"]
[BlackElo "1891"]
[PlyCount "104"]
[EventDate "2017.03.26"]
[EventType "swiss"]
[EventRounds "9"]
[EventCountry "ESP"]
[SourceTitle "Ajedrez en Madrid"]
[Source "lmi"]
[SourceDate "2017.03.26"]
[SourceVersion "1"]
[SourceVersionDate "2017.04.10"]
[SourceQuality "1"]

1. e4 b6 2. d4 Bb7 3. Nc3 e6 4. Bd3 Nf6 5. Nge2 d5 6. exd5 Nxd5 7. O-O Nc6 8.
Be4 Nf6 9. Bf3 h6 10. Re1 Bd6 11. d5 Ne5 12. Ng3 Nxf3+ 13. Qxf3 O-O 14. Be3
exd5 15. Bd4 Bxg3 16. hxg3 c5 17. Bxf6 Qxf6 18. Nxd5 Qxf3 19. Ne7+ Kh7 20. gxf3
Bxf3 21. Re3 Bb7 22. Rae1 Rfe8 23. Nf5 Rxe3 24. Nxe3 Bf3 25. Nc4 f6 26. Nd2 Bc6
27. Kf1 Rd8 28. Re2 Rd5 29. Ke1 b5 30. Re6 Re5+ 31. Rxe5 fxe5 32. Ke2 Kg6 33.
Ke3 Kf5 34. a3 g5 35. f3 h5 36. Kf2 c4 37. c3 e4 38. fxe4+ Bxe4 39. Nf1 h4 40.
Ne3+ Ke6 41. Nf1 Bc6 42. Ne3 Ke5 43. Ng4+ Ke4 44. Ke2 hxg3 45. Nf6+ Kf5 46. Nh5
Kg4 47. Nf6+ Kh3 48. Kf1 Kh2 49. Ng4+ Kh1 50. Ke1 g2 51. Nf2+ Kh2 52. Ng4+ Kg3
0-1

[Event "28. Torneo San Viator 2017"]
[Site "Madrid ESP"]
[Date "2017.03.26"]
[Round "1.20"]
[White "Recuenco Andres, Javier"]
[Black "Marret, Constantin Pierre"]
[Result "1/2-1/2"]
[WhiteElo "1890"]
[BlackElo "1602"]
[PlyCount "90"]
[EventDate "2017.03.26"]
[EventType "swiss"]
[EventRounds "9"]
[EventCountry "ESP"]
[SourceTitle "Ajedrez en Madrid"]
[Source "lmi"]
[SourceDate "2017.03.26"]
[SourceVersion "1"]
[SourceVersionDate "2017.04.10"]
[SourceQuality "1"]

1. c4 Nf6 2. Nf3 g6 3. g3 Bg7 4. Bg2 O-O 5. O-O c5 6. Nc3 Nc6 7. d4 cxd4 8.
Nxd4 d6 9. Nc2 Ne5 10. b3 Nfd7 11. Bb2 Nc5 12. Rb1 Rb8 13. b4 Na6 14. e4 Qc7
15. Qd3 Be6 16. Nd5 Bxd5 17. cxd5 Rfc8 18. Rfc1 Qc4 19. Qa3 Nd7 20. Bxg7 Kxg7
21. Ne3 Qd4 22. Rd1 Qc3 23. Rb3 Qc7 24. Qb2+ f6 25. Bh3 Rd8 26. Rc1 Qb6 27. a4
Ne5 28. f4 Nf3+ 29. Kg2 Nd4 30. Nc4 Nxb3 31. Nxb6 Nxc1 32. Qxc1 axb6 33. Qc3
Kf7 34. Be6+ Kf8 35. g4 Kg7 36. g5 Rf8 37. h4 h6 38. e5 hxg5 39. hxg5 dxe5 40.
fxe5 fxg5 41. Bd7 Rf4 42. e6+ Kg8 43. Qe5 Rbf8 44. Qxg5 Rf2+ 45. Kg1 Rf1+
1/2-1/2